Planning theory

Saved in:
Bibliographic Details
Main Author: Lebreton, Preston P.
Other Authors: Henning, Dirk
Format: Book
Language:English
Published: Englewood Cliffs Prentice-Hall 1961
Tags: Add Tag
No Tags, Be the first to tag this record!

MARC

LEADER 00000nam a2200000 4500
001 c142321
005 20041019155324.5
041 0 |a eng 
044 |a US 
245 1 0 |a Planning theory  |c Preston P. Lebreton, D.A. Henning 
264 1 |a Englewood Cliffs  |b Prentice-Hall  |c 1961 
300 |a 357 s. 
100 1 |a Lebreton, Preston P. 
700 1 |a Henning, Dirk